000 00385nam a22001337a 4500
020 _qPB
040 _cFIZZA ISHAQ
082 _a620.0042
_bLAN
100 _a Lang, Kevin.
_9133558
245 _aAutoCAD Tutor for Engineering Graphics: 2013 and Beyond /
_cKevin Lang.
260 _aNew York:
_b Cengage Learning,
_c2013.
300 _a1146 . ;
_c 8.5 x 1.5 x 11 inches
942 _2ddc
_cBK
999 _c616489
_d616489